| 000 | 00341nam a2200133Ia 4500 | ||
|---|---|---|---|
| 008 | 240624s9999 xx 000 0 und d | ||
| 041 | _aeng | ||
| 082 | _a322.409 LIU | ||
| 100 | _aLIU ERIC | ||
| 245 | _aYOU RE MORE POWERFUL THAN YOU THINK A CI | ||
| 260 |
_c2017 _aNew York _bPublicAffairs |
||
| 300 | _axv, 222 p.; 23 cm. | ||
| 365 |
_c _b25 |
||
| 999 |
_c32098 _d32098 |
||